Emerging trends in banking finance and insurance industry (Record no. 159875)

MARC details
000 -LEADER
fixed length control field 00668nam a2200229Ia 4500
003 - CONTROL NUMBER IDENTIFIER
control field OSt
005 - DATE AND TIME OF LATEST TRANSACTION
control field 20230417094446.0
008 - FIXED-LENGTH DATA ELEMENTS--GENERAL INFORMATION
fixed length control field 210423s2009 xx 000 0 und d
020 ## - INTERNATIONAL STANDARD BOOK NUMBER
International Standard Book Number 9788126912148
040 ## - CATALOGING SOURCE
Transcribing agency AL
041 ## - LANGUAGE CODE
Language code of text/sound track or separate title eng
082 ## - DEWEY DECIMAL CLASSIFICATION NUMBER
Classification number 332.1 AGRA
100 ## - MAIN ENTRY--PERSONAL NAME
Personal name AGRAWAL (Anand M);GOYAL (Krishn)
9 (RLIN) 89030
245 ## - TITLE STATEMENT
Title Emerging trends in banking finance and insurance industry
260 ## - PUBLICATION, DISTRIBUTION, ETC.
Place of publication, distribution, etc. New Delhi
Name of publisher, distributor, etc. Atlantic Publishers and Distributors
Date of publication, distribution, etc. 2009
300 ## - PHYSICAL DESCRIPTION
Extent ix,500
Other physical details HB
365 ## - TRADE PRICE
Price amount 895
Currency code INR
650 ## - SUBJECT ADDED ENTRY--TOPICAL TERM
Topical term or geographic name entry element Banking
9 (RLIN) 89031
650 ## - SUBJECT ADDED ENTRY--TOPICAL TERM
Topical term or geographic name entry element Economics
9 (RLIN) 89032
906 ## - LOCAL DATA ELEMENT F, LDF (RLIN)
a banking ; Emerging ; finance ; industry ; insurance ; trends
942 ## - ADDED ENTRY ELEMENTS (KOHA)
Source of classification or shelving scheme Dewey Decimal Classification
Koha item type Book
Holdings
Withdrawn status Lost status Damaged status Not for loan Collection code Home library Current library Date acquired Source of acquisition Cost, normal purchase price Total Checkouts Full call number Barcode Date last seen Price effective from Koha item type
        Economics St Aloysius PG Library St Aloysius PG Library 08/27/2011 Knowledge World 895.00   332.1 AGRA PG006354 08/24/2022 04/26/2021 Book